| 000 | 01415nam a2200349 a 4500 | ||
|---|---|---|---|
| 001 | ebr10583385 | ||
| 003 | CaPaEBR | ||
| 006 | m u | ||
| 007 | cr cn||||||||| | ||
| 008 | 120110s2012 njua sb 001 0 eng d | ||
| 010 | _z 2011053076 | ||
| 020 | _z9781118176955 (pbk.) | ||
| 020 | _z9781118227237 (e-book) | ||
| 040 |
_aCaPaEBR _cCaPaEBR |
||
| 035 | _a(OCoLC)772611166 | ||
| 050 | 1 | 4 |
_aHV45 _b.G57 2012eb |
| 082 | 0 | 4 |
_a361.4 _223 |
| 100 | 1 | _aGlisson, Charles. | |
| 245 | 1 | 0 |
_aSocial work practice with groups, communities, and organizations _h[electronic resource] : _bevidence-based assessments and interventions / _cCharles A. Glisson, Catherine N. Dulmus, Karen M. Sowers. |
| 260 |
_aHoboken, N.J. : _bWiley, _cc2012. |
||
| 300 |
_aix, 278 p. : _bill. |
||
| 504 | _aIncludes bibliographical references and indexes. | ||
| 533 |
_aElectronic reproduction. _bPalo Alto, Calif. : _cebrary, _d2011. _nAvailable via World Wide Web. _nAccess may be limited to ebrary affiliated libraries. |
||
| 650 | 0 | _aSocial group work. | |
| 650 | 0 | _aSocial work administration. | |
| 650 | 0 | _aCommunity organization. | |
| 655 | 7 |
_aElectronic books. _2local |
|
| 700 | 1 | _aDulmus, Catherine N. | |
| 700 | 1 |
_aSowers, Karen M. _q(Karen Marlaine) |
|
| 710 | 2 | _aebrary, Inc. | |
| 856 | 4 | 0 |
_uhttp://site.ebrary.com/lib/rucke/Doc?id=10583385 _zAn electronic book accessible through the World Wide Web; click to view |
| 999 |
_c82660 _d82660 |
||